Význam Bratislavského kraja v súvislosti s návštevnosťou a mzdovým ohodnotením ako vybranými štatisticky spracovanými kategóriami

Prezentácia vybraných výsledkov zisťovania Štatistického úradu SR v dvoch tématických oblastiach, konkrétne návštevnosti Bratislavského kraja a v oblasti štruktúry miezd v Bratislavskom kraji a jej porovnanie v jednotlivých sektoroch ako aj porovnanie z pohľadu ďalších kritérií. V závere príspevku j...

Description complète

Enregistré dans:
Détails bibliographiques
Auteur principal: Dianovská, Júlia
Format: Chapitre de livre
Langue:slovaque
Sujets:
Tags: Ajouter un tag
Pas de tags, Soyez le premier à ajouter un tag!

MARC

LEADER 00000nla$a2200000$$$4500
001 0074926
005 20240502083213.6
041 0 |a slo 
044 |a CZ 
245 1 0 |a Význam Bratislavského kraja v súvislosti s návštevnosťou a mzdovým ohodnotením ako vybranými štatisticky spracovanými kategóriami  |c Júlia Dianovská 
520 |a Prezentácia vybraných výsledkov zisťovania Štatistického úradu SR v dvoch tématických oblastiach, konkrétne návštevnosti Bratislavského kraja a v oblasti štruktúry miezd v Bratislavskom kraji a jej porovnanie v jednotlivých sektoroch ako aj porovnanie z pohľadu ďalších kritérií. V závere príspevku je pre ilustráciu porovnaná priemerná hrubá ročná mzda Bratislavského kraja i celého Slovenska s vybranými krajinami EÚ za rok 2006. Ostatné ukazovatele a údaje týkajúce sa oboch tématických celkov v závislosti od rôznych faktorov sú posudzované za obdobie 2. polroka 2007, ktoré zodpovedajú poslednej aktualizácii. 
610 2 0 |a Slovensko 
610 2 0 |a kraje 
610 2 0 |a mzdy 
610 2 0 |a štruktúra mzdy 
610 2 0 |a mzdy priemerné 
610 2 0 |a údaje štatistické 
610 2 0 |a porovnanie medzinárodné 
610 2 0 |a Európska únia 
100 1 |a Dianovská, Júlia